Sam Worthington Filmography - Statistics

General Stats
  • This quiz has been taken 43 times
    21 since last reset
  • The average score is 24 of 71
Answer Stats
Type Year Name % Correct
Film 2009 Avatar
91%
Film 2025 Avatar: Fire and Ash
91%
Film 2022 Avatar: The Way of Water
91%
Film 2009 Terminator Salvation
82%
Film 2010 Clash of the Titans
73%
Film 2012 Wrath of the Titans
64%
Film 2015 Everest
55%
Film 2025 Fuze
45%
Film 2024 Lift
45%
Film 2012 Man on a Ledge
45%
Film 2029 Avatar 4
36%
Film 2031 Avatar 5
36%
Film 2024 Horizon: An American Saga - Chapter 1
36%
Film 2024 Horizon: An American Saga - Chapter 2
36%
Film 2025 Zero A.D.
36%
Film 2022 9 Bullets
27%
Short Film 2006 A Fairytale of the City
27%
Short Film 2001 A Matter of Life
27%
TV Show 2000 Blue Heelers
27%
Short Film 2004 Blue Poles
27%
Film 2000 Bootmen
27%
Film 2024 Breathe
27%
Film 2014 Cake
27%
Video Game 2010 Call of Duty: Black Ops
27%
Video Game 2018 Call of Duty: Black Ops 4
27%
Video Game 2012 Call of Duty: Black Ops II
27%
TV Mini-Series 2015 Deadline Gallipoli
27%
Film 2002 Dirty Deeds
27%
Film 2013 Drift
27%
Director 2004 Enzo
27%
Film 2005 Fink!
27%
TV Mini-Series 2021 Fires
27%
Film 2019 Fractured
27%
Film 2003 Gettin' Square
27%
Film 2016 Hacksaw Ridge
27%
Film 2002 Hart's War
27%
Film 2009 I Am Bish
27%
Documentary Series 2023 Inside Pandora's Box
27%
Web Mini-Series TBA I Will Find You
27%
TV Show 2000 JAG
27%
Film 2015 Kidnapping Freddy Heineken
27%
Film 2021 Lansky
27%
Film 2010 Last Night
27%
Short Film 2000 Life in a Volkswagen
27%
Film 2010 Love & Distrust
27%
TV Show 2004-2005 Love My Way
27%
Film 2006 Macbeth
27%
TV Mini-Series 2017 Manhunt: Unabomber
27%
Film 2015 Paper Planes
27%
Film 2024 Relay
27%
Film 2007 Rogue
27%
Film 2014 Sabotage
27%
Film 2023 Simulant
27%
Film 2004 Somersault
27%
Film 2011 Texas Killing Fields
27%
TV Documentary 2006 The Battle of Long Tan
27%
Film 2011 The Debt
27%
Film 2024 The Exorcism
27%
Film 2005 The Great Raid
27%
Film 2017 The Hunter's Prayer
27%
Film 2014 The Keeping Room
27%
Film 2024 The Killer
27%
Film 2021 The Last Son
27%
Film 2017 The Shack
27%
TV Show 2005 The Surgeon
27%
Film 2018 The Titan
27%
Film 2004 Thunderstruck
27%
Film 2023 Transfusion
27%
TV Mini-Series 2006 Two Twisted
27%
TV Mini-Series 2022 Under the Banner of Heaven
27%
TV Show 2000 Water Rats
27%
No matching quizzes found
Score Distribution
Percent of People with Each Score
Percentile by Number Answered
Your Score History
You have not taken this quiz since the last reset